00501nam a22001577a 450000500170000000800410001708000170005810000270007524500400010226000580014230000080020065000210020894200070022995200920023699900150032820231102174650.0231016b2013 |||||||| |||| 00| 0 eng d a320.954bLIY aLiyanaarachchi, Jagath aThe LLRC Report and good governance aColombo :bNational Peace Council of Sri Lanka,c2013 a27p aGood Governance  cRP 00104070aMAINbMAINd2023-11-02l0o320.954 LIYpRAF2633r2023-11-02w2023-11-02yRP c3891d3891